[Event "Corus Wijk aan Zee"]
[Site " Wijk aan Zee"]
[Date "2007.01.19"]
[Round "6"]
[White "GM Topalov, Veselin (BUL)"]
[Black "GM Navarra, David (CZE)"]
[Result "1/2-1/2"]
[WhiteElo "2783"]
[BlackElo "2719"]
[Annotator "Ðîìàí Äîáðîíîâñêèé "]
[PlyCount "111"]
[EventDate "2007.01.??"]
[EventType "tourn"]
[EventCountry "NED"]
[EventCategory "19"]
[Source "CrestBook.com"]

1. Nf3 Nf6 2. c4 c5 3. d4 cxd4 4. Nxd4 e6 5. g3 Bb4+ 6. Nc3 Ne4 7. Qd3 Bxc3+ {
Çäåñü è äàëåå îáå ñòîðîíû ñëåäóþò óçêîé òðîïèíêîé â ò,ìíîì ëåñó òåîðèè.} ({
Íî íàì-òî íè÷òî íå ìåøàåò îãëÿäåòüñÿ ïî ñòîðîíàì, íàïðèìåð -} 7... Nc5 $6 8.
Qe3 d5 9. Bg2 dxc4 10. O-O Ncd7 11. Nd5 Bc5 12. Nxe6 $1 {
è áåëûå âûèãðàëè ðàçãðîìíîé àòàêîé (Ëîòüå-Êîð÷íîé, Áèëü 2001).} fxe6 13. Qxe6+
Be7 14. Bf3 Nf8 15. Qe5 Ne6 16. Bh5+ Kf8 17. Bh6 Kg8 18. Bg4 gxh6 19. Bxe6+
Bxe6 20. Qxe6+ Kf8 21. Rac1 Nc6 22. Qxh6+ Kf7 23. Qh5+ Kg7 24. Qg4+ Bg5 25. Nf4
Ne5 26. Ne6+ Kf6 27. Qh3 Qd7 28. Nxg5 Kxg5 29. Qh4+ Kg6 30. Rfd1 Qc6 31. Qe7
Nf7 32. Rd4 Qf6 33. Qe4+ Kg7 34. Rcxc4 Rhd8 35. Rxd8 Rxd8 36. Qxb7 Qe6 37. Rc7
Qxa2 38. b3 Qb1+ 39. Kg2 Qf5 40. e4 Qg6 41. Re7 a6 42. Qc7 Rd1 43. Qe5+ {
1-0 Lautier,J (2675)-Kortschnoj,V (2617)/Biel 2001/CBM 085/[Lautier]}) 8. bxc3
Nc5 9. Qf3 $5 {Ñàìûé ïîïóëÿðíûé íûíå õîä} ({Äëÿ èëëþñòðàöèè ìåíåå ïîïóëÿðíûõ
ñåãîäíÿ èäåé ïîêàæó ôðàãìåíò ïàðòèè Van Wely,L (2646)-Adams,M (2715)
(Frankfurt 2000) -} 9. Qe3 $5 b6 10. Bg2 Bb7 11. Bxb7 Nxb7 12. Qe4 Nc6 13. Ba3
Rc8 14. O-O Nc5 15. Bxc5 bxc5 16. Nf5 O-O 17. Nd6 Rb8 18. Rab1 Qa5 19. Rxb8
Rxb8 20. Qc2 Qa6 {
, è, ïîìàíåâðèðîâàâ äëÿ ïîðÿäêà, åù¸ õîäîâ 20 ñòîðîíû çàêëþ÷èëè ìèð.}) 9...
d6 10. Bg2 Nbd7 11. O-O Ne5 12. Qf4 Bd7 13. Nb5 Bxb5 14. cxb5 O-O 15. Rd1 Rc8
16. Qd4 {×èòàþùåãî ýòè ñòðîêè íå äîëæíî îáìàíóòü íàëè÷èå ïðåñëîâóòîãî
ïðåèìóùåñòâà äâóõ ñëîíîâ: ó ÷¸ðíûõ íåò ñëàáîñòåé, õîðîøî ñòîÿò êîíè, à ïîñëå
îòõîäà ôåðçÿ ñ ïîëÿ d8 åãî ìåñòî çàéì,ò êîðîëåâñêàÿ ëàäüÿ ïîñëå ÷åãî èõ
ïîçèöèÿ îáðåò,ò ïîëíóþ ãàðìîíèþ.} ({
Èç ñâåæèõ ïðèìåðîâ íà óêàçàííóþ òåìó çàñëóæèâàåò âíèìàíèÿ ñëåäóþùåå -} 16.
Be3 $5 Qe7 17. h3 f6 18. c4 Na4 19. Rdc1 Rc7 20. Qd4 Nc5 21. Rd1 Nf7 22. Rd2
Rfc8 23. Rad1 b6 24. f4 f5 25. Rc2 Nd7 26. Qd3 Nc5 27. Bxc5 Rxc5 28. e4 fxe4
29. Qxe4 Qf6 30. Rdd2 h5 {
Tomashevsky,E-Maletin,P/U20ch-RUS, Cheboksary RUS 2006/1-0}) 16... Qc7 $146 {
Ïëîòíûé õîä.} ({Âïîëíå âîçìîæíî è} 16... Qa5 $5 17. Qb4 (17. f4 $5) 17... Qb6
18. a4 a5 19. Qd4 Qc7 $1 {(Flumbort,A-Almasi,Z/Budapest 2004 0-1). Ñðàâíèòå ñ
èäååé, êîòîðóþ ïðîâîäèë â æèçíü Íàâàðà.}) 17. f4 ({
Áåëûå, îêàçûâàåòñÿ, íè÷åì íå ãðîçÿò -} 17. Qxd6 $4 Rfd8 18. Qxc7 Rxd1+ 19. Bf1
Rxc7) 17... Ng4 18. c4 f5 $1 {Î÷åíü õîðîøèé õîä - ÷¸ðíûå ñîçäàþò îïîðíûé
ïóíêò â öåíòðå äëÿ ñâîèõ êîíåé. Íà èõ ñòîðîíå, ïîæàëóé, óæå íåêîòîðîå
ïðåèìóùåñòâî.} 19. h3 Nf6 20. Bb2 Nce4 $6 {
Íàâàðà ôîðñèðóåò èãðó è â èòîãå ïåðåõîäèò â íåñêîëüêî õóäøèé ëàäåéíûé ýíäøïèëü.
} ({Íèìöîâè÷ íåñîìíåííî ñûãðàë áû} 20... Nfe4 $1 {
, áëîêèðóÿ âñ¸, ÷òî ìîæíî è ïðåäëàãàÿ áåëûì âûñêàçàòüñÿ.}) 21. Qe3 Qxc4 ({
È çäåñü Rybka ïðåäëàãàåò èíòåðåñíóþ âîçìîæíîñòü çàâÿçàòü ñëîæíóþ áîðüáó -} 
21... e5 $5 22. g4 $1 {Èíòåðåñíûå âàðèàíòû âîçíèêàþò, íî, ïðàâî ñëîâî, òàêèå
ïîçèöèè íàäî íå àíàëèçèðîâàòü, à èãðàòü! Ýõ, Íàâàðà... Ïåðåõâàëèë ÿ þíèîðà.})
22. Bxf6 gxf6 23. Bxe4 fxe4 ({Ïîñëå} 23... Qxe4 24. Qxe4 fxe4 25. Rxd6 {
ó ÷¸ðíûõ óõóäøåííàÿ ðåäàêöèÿ ýíäøïèëÿ, âîçíèêøåãî â ïàðòèè.}) 24. Rxd6 Qxb5
25. Rad1 ({ñåðü¸çíîãî âíèìàíèÿ çàñëóæèâàëî} 25. Rxe6 $5) 25... Rc6 26. Kf2 Qb6
27. Qxb6 axb6 28. Rxc6 bxc6 29. Rd6 Kf7 30. Rxc6 h5 $1 {Âîñêëèöàòåëüíûé çíàê -
çà îöåíêó ïîçèöèè. Ìîëîä Íàâàðà, íî, íå â ïðèìåð äðóãîìó þíèîðó, ó÷èò
êëàññèêó è õîðîøî èãðàåò ýíäøïèëü.} ({
Èòàê, ïî÷åìó ÷¸ðíûå íå ñäåëàëè íàèáîëåå åñòåñòâåííûé íà âèä õîä} 30... Ra8 $5
{Ýòî ëàäåéíûé ýíäøïèëü áûë êóäà ñëîæíåå âîçíèêøåãî â ïàðòèè.  Íå ïðåòåíäóþ íà
âñåîáúåìëþùèé àíàëèç, à ïîêàæó ëèøü, ÷òî ñ ïðàêòè÷åñêîé òî÷êè çðåíèÿ
ðåøåíèå Íàâàðû èìåëî ñìûñë -} 31. Rc7+ $1 {Âàæíûé ïðîìåæóòî÷íûé øàõ.} ({
Îñòàâèì â ïîëüçó áåäíûõ} 31. Rxb6 $2 Rxa2 {ñ áèòîé íè÷üåé.}) 31... Kg6 32. Re7
{Òåïåðü ïëîõî} Rxa2 {, èáî ïîñëå} 33. Rxe6 {÷¸ðíûå òåðÿþò åù¸ îäíó ïåøêó -}
Kf5 ({
ïåõîòèíöà íà ëèíèè «å» îòäàâàòü íåëüçÿ íèêàê - áåëûå îáðàçóþò äâå ïðîõîäíûå:
} 33... b5 34. g4 h6 35. h4 Kf7 36. Rxe4 Ra4 37. Ke3 {ñ øàíñàìè íà ïîáåäó}) 34.
Rxb6 {, è, ïîñêîëüêó, â îòëè÷èå îò ïàðòèè, ÷¸ðíûå íå ñìîãëè ïîêà ïîäêðåïèòü
ñâîþ ñëàáîñòü íà å4 äðóãîé ïåøêîé øàíñû íà ïîáåäó ó áåëûõ îñòàþòñÿ. Âî
âñÿêîì ñëó÷àå, îíè ãîðàçäî ðåàëüíåå, ÷åì â ïàðòèè}) ({Ñèëüíåå (ïîñëå} 30...
Ra8 $5 31. Rc7+ $1 Kg6 32. Re7 {)} Kf5 {Íà ÷òî ïîñëåäóåò} 33. Rxh7 Rxa2 34.
Rh5+ Kg6 35. Rb5 {À òåïåðü âåòâèìñÿ:  À) Ó êàæäîãî, ìàëî-ìàëüñêè îïûòíîãî,
øàõìàòèñòà ñðàçó äîëæíà âûçâàòü ïîäîçðåíèå ñòîéêà ïîñëå} Ra6 36. g4 ({õóæå} 36.
Ke3 $6 Ra3+ {è íàäî âîçâðàùàòüñÿ êîðîë,ì íàçàä}) {È âïðÿìü -} 36... f5 ({ñëàáåå
} 36... Kf7 37. h4 Kg6 38. h5+ Kh6 39. Ke3 {, è áåëûå íà÷èíàþò óáîðêó óðîæàÿ}
) 37. Rb3 {Äàâàÿ âîçìîæíîñòü áåëîìó êîðîëþ äâèíóòüñÿ âïåð,ä.} Kf6 {Îòìå÷ó, ÷
òî çäåñü è äàëåå ïëîõ ðàçìåí íà g4, ïîñëå ÷åãî áûñòðî òåðÿëàñü áû ïåøêà å4.
Çàòåì áåëûå îáðàçóþò äâå ñâÿçàííûå ïðîõîäíûå è ëåãêî âûèãðûâàþò.} 38. Ke3 Kg6
({ïîñëå} 38... b5 39. Rxb5 Ra3+ 40. Kd4 Ra4+ 41. Kc3 {÷¸ðíûì òðóäíî çàùèùàòüñÿ
}) ({èëè (ïîñëå} 38... b5 39. Rxb5 Ra3+ 40. Kd4 {)} Rxh3 41. g5+ Kg6 42. Rb6 {
, è áåëûå ïîñòåïåííî îòúåäàþò âñå âðàæåñêèå ïåøêè}) {È òåïåðü íå} 39. g5 $6
Kh5 (39... b5 40. Rxb5 Ra3+ 41. Kd4 Rxh3 42. Rb6 {- ìû óæå âèäåëè ýòó ïîçèöèþ}
) 40. Kd4 Ra5 $1 ({íî íå} 40... Kg6 $2 41. h4 Kh5 42. Ke5 Kxh4 43. g6 {
ñ âûèãðûøåì}) 41. Rxb6 e5+ $1 42. fxe5 Kxg5 43. Rb7 {
, è çäåñü, ñêîðåå âñåãî, òîæå íè÷üÿ}) ({À èãðàòü çäåñü (ïîñëå} 30... Ra8 31.
Rc7+ Kg6 32. Re7 Kf5 33. Rxh7 Rxa2 34. Rh5+ Kg6 35. Rb5 Ra6 36. g4 f5 37. Rb3
Kf6 38. Ke3 Kg6 {) íàäî òàê} 39. Kd4 $1 Ra4+ $1 ({ñëèøêîì ïàññèâíî} 39... Kf6
$2 40. g5+ Kf7 41. h4 Kg6 42. Ke5 Kf7 43. h5) 40. Ke5 Kf7 41. gxf5 Ra5+ 42.
Kxe4 exf5+ 43. Kd4 {Íå õâàòàåò âðåìåíè äëÿ ïîäðîáíîãî àíàëèçà ýòîé ïîçèöèè, íî
êàê áû òî íè áûëî øàíñû íà ïîáåäó ó áåëûõ îñòàþòñÿ}) ({
Ïîýòîìó  Á)  çäåñü íàäî (ïîñëå} 30... Ra8 31. Rc7+ Kg6 32. Re7 Kf5 33. Rxh7
Rxa2 34. Rh5+ Kg6 35. Rb5 {) íàéòè â ñåáå ìóæåñòâî îòäàòü ïåøêó ñðàçó -} f5 $1
36. Rxb6 Kf7 37. g4 Ra3 38. Rb7+ Kg6 39. g5 Rxh3 40. Re7 {È, ïîõîæå, ÷òî,
íåñìîòðÿ íà âûèãðûø áåëûìè ìàòåðèàëà, çäåñü âñ¸ æå íè÷üÿ, íàïðèìåð, 40...Ra3
41.Rxe6+ Kh5! 42.Rf6 (èëè 42.Re8 Rb3 43.e3 Kg4 44.g6 Rb2+ 45.Ke1 Rb=) 42...Kg4
43.g6 e3+ 44.Kg2 Ra7 45.Rf7 Ra6 46.g7 Rg6 - è âñ¸ æå ðàâåíñòâî!} Ra3 41. Rxe6+
Kh5 $1 42. Rf6 ({èëè} 42. Re8 Rb3 43. e3 Kg4 44. g6 Rb2+ 45. Ke1 Rb7 {
òàêæå ñ íè÷üåé.}) 42... Kg4 43. g6 e3+ 44. Kg2 Ra7 45. Rf7 Ra6 46. g7 Rg6 {
è âñ¸ æå ðàâåíñòâî!  Âîò, îêàçûâàåòñÿ, êàêèå îïàñíîñòè ïîäñòåðåãàëè, â ñëó÷àå
«åñòåñòâåííîãî» 30....Rà8, òàëàíòëèâîãîþíèîðà!}) ({Ñîâñåì óæ íåèíòåðåñíî} 
30... b5 $2 31. Rc7+ Kg6 32. Re7 {.}) 31. Rxb6 Ra8 32. Rb4 ({Ñëèøêîì ïàññèâíî} 
32. Rb2 {Äâèãàòü ïåøêó áåç êîðîëÿ áåëûå íå ìîãóò, à ïðè åãî äâèæåíèè ê
ôåðçåâîìó ôëàíãó ó ÷¸ðíûõ âûðèñîâûâàåòñÿ ÿñíàÿ êîíòðèãðà íà êîðîëåâñêîì.})
32... Rxa2 33. Rxe4 Ra3 {×¸ðíûå îòäàëè ïåøêó, íî çàòî àêòèâèçèðîâàëè ëàäüþ è
èçáàâèëèñü îò ñëàáîñòè íà å4, ñîõðàíèâ â æèâûõ ïåøêó h5 - â ýòîì ãëàâíîå
îòëè÷èå äàííîé ïîçèöèè îò îïàñíûõ âàðèàíòîâ ðàññìàòðèâàåìûõ âûøå. Íè÷üÿ
î÷åâèäíà.} 34. Re3 Ra4 35. Kf3 f5 $1 {Ñàìîå ïðîñòîå - ÷¸ðíûé êîðîëü ëåãêî
çàùèòèò îò íàáåãîâ áåëîé ëàäüè âñå ñâîè ïåøêè, à àêòèâíàÿ ÷¸ðíàÿ ëàäüÿ íå
äàñò ðàçãóëÿòüñÿ áåëîìó âëàäûêå. Ëþáîå æå äâèæåíèå áåëûõ ïåøåê ïðèâåä,ò ëèøü
ê ðàçìåíó.} 36. Rb3 Kf6 37. Rb8 Ra3+ 38. e3 Kg7 39. Re8 Ra6 40. Rc8 Ra4 41. Rc6
Kf6 42. Rb6 Kf7 43. Rb8 Kg7 44. h4 Ra3 45. Re8 Ra6 46. Re7+ Kg6 {Óïîðñòâî Òîïàë
îâà, æåëàþùåãî âûèãðàòü íè÷åéíóþ ïîçèöèþ ïîíÿòíî - íà ñîñåäíåé äîñêå êàê
ðàç Àíàíä «ñäàâàëñÿ» Êðàìíèêó.} 47. e4 {
Ñîâñåì íè÷åãî íå äâèãàòü íåëüçÿ - åñòü åù¸ ïðàâèëî 50 õîäîâ.} Kf6 48. Rh7
fxe4+ 49. Kxe4 Ra3 50. Rh6+ Kf7 51. Rxh5 Rxg3 {Ñòðîãî ãîâîðÿ, äëÿ íè÷üåé ÷,
ðíûì íå íóæíà äàæå îñòàâøàÿñÿ ïåøêà - ëàäåéíèêè ñ ïåøêàìè «f» è «h» â
áîëüøèíñòâå ñâîåì íè÷åéíû.} 52. Rh6 Rh3 53. h5 Kg7 54. Rg6+ Kf7 55. Rg5 Kf6
56. Rg6+ {
È çäåñü äàæå íåèñòîâûé «Òîïàëû÷» áûë âûíóæäåí ñìèðèòüñÿ çäåñü ñ íè÷üåé.}
1/2-1/2

[Event "Corus Wijk aan Zee"]
[Site " Wijk aan Zee"]
[Date "2007.01.19"]
[Round "6"]
[White "GM van Wely, Loek (NED)"]
[Black "GM Tiviakov, Sergey (NED)"]
[Result "1/2-1/2"]
[WhiteElo "2683"]
[BlackElo "2667"]
[Annotator "Ðîìàí Äîáðîíîâñêèé "]
[PlyCount "43"]
[EventDate "2007.01.??"]
[EventType "tourn"]
[EventCountry "NED"]
[EventCategory "19"]
[Source "CrestBook.com"]

{Ýòà ïàðòèÿ ñëóæèò ñâîåîáðàçíûì ïðîäîëæåíèåì òâîð÷åñêîãî ñïîðà, íà÷àòîãî â
2006 ãîäó â ÷åìïèîíàòå Íèäåðëàíäîâ. Ýòà âàæíåéøàÿ âñòðå÷à ðàçâèâàëàñü î÷åíü
îñòðî -  Êîðîòêî îá ýòîé ïàðòèè: óäèâèâ ñîïåðíèêà íîâûì õîäîì 16...Kh6!?,
Òèâÿêîâ ïîëó÷èë ëó÷øóþ èãðó, à ïîñëå îøèáîê ñîïåðíèêà íà 19 è 22 õîäàõ -
ïðîñòî âûèãðàííóþ ïîçèöèþ. Æäåì íîâûõ îòêðîâåíèé.} 1. c4 e5 2. g3 {
Ëþêó íå òåðïèòñÿ ôèàíêåòòèðîâàòü ëþáèìîãî ñëîíà.} Nf6 ({Îòñóòñòâèå êîíÿ íà
ñ3 ìîæíî ïîïûòàòüñÿ èñïîëüçîâàòü ïóò¸ì ïåðåõîäà ê âàðèàíòó Êåðåñà} 2... c6 $5 {
- çäåñü îí íå òàê ïëîõ.}) 3. Bg2 d5 {
Ó 2-ãî õîäà áåëûõ, îêàçûâàåòñÿ, åñòü è ñâîè ïëþñû.} ({
Òàê, â îòñóòñòâèå êîíÿ íà ñ3 õîä} 3... Bb4 $5 {
ñìîòðèòñÿ....ì-ì...ìÿãêî ãîâîðÿ îðèãèíàëüíî}) ({À âàðèàíò ñ êîí¸ì íà ñ6} 3...
Nc6 4. Nc3 Bb4 5. Nd5 {íå âñåì ïðèÿòåí.}) 4. cxd5 Nxd5 5. Nc3 Nb6 6. Nf3 Nc6 7.
O-O Be7 8. a3 O-O 9. b4 Be6 10. Rb1 ({Ïåøêà å5 ïîêà íå âèñèò: íà} 10. b5 $6 {
ïîñëåäóåò} Nd4 11. Nxe5 $4 Bb3 12. Qe1 Nc2 {îòáèðàÿ âñþ ïîñóäó. ×òîáû áûëî
ñîâñåì ñìåøíî - â áàçå åñòü äâå ïàðòèè, êîòîðûå çàêîí÷èëèñü èìåííî òàê.} 13.
Qd1 Nxa1 14. Qe1 Nc2 15. Qd1 Nd4 16. Qe1 Bf6 17. f4 Bxe5 18. fxe5 Nd5 19. Ne4
Bc4 20. d3 Bxb5 21. g4 Ne6 22. g5 Ne7 23. Qh4 Ng6 24. Qh5 Qd4+ 25. Kh1 Qxe5 26.
Bf3 Nef4 {0-1 Nishio,R-Bladikis,M/Duisburg 1992/TD}) 10... f6 ({
Â ïàðòèè òðåòüåãî òóðà Âàí Âåëè-Ìîòûë,â áûëî ñûãðàíî} 10... Bf6 $5 {
×òîáû íå ïîâòîðÿòüñÿ, îòñûëàþ ê êîììåíòàðèÿì vasa â îáçîðå òðåòüåãî òóðà.})
11. d3 Nd4 ({Óêëîíÿÿñü îò} 11... a5 {, ÷òî âñòðåòèëîñü â ïàðòèè Van Wely,L
(2655)-Tiviakov,S (2669)/Hilversum NED 2006/The Week in Chess 608} 12. b5 Nd4
13. Nd2 Qc8 14. e3 Nf5 15. Qc2 Rd8 16. Bb2 Nh6 17. Rfd1 Nf7 18. Rbc1 Bf8 19. h4
Bh3 20. Bh1 Bg4 21. Re1 Bf5 22. Nce4 Qd7 23. Qxc7 Na4 24. Ba1 Bxa3 25. Rc4 Qxb5
26. Nb1 Bb4 27. Nbc3 Qd7 28. Rb1 Nxc3 29. Bxc3 Qxd3 30. Rbxb4 axb4 31. Rxb4
Rac8 32. Qe7 Rd7 {0-1}) 12. Be3 Nxf3+ 13. Bxf3 c6 14. Qc2 $146 {Ïîõîæå, Ëþê
ïîäîø,ë ê ýòîé ïàðòèè áåç êàìíÿ çà ïàçóõîé - óæå ìîæíî êîíñòàòèðîâàòü, ÷òî ó
áåëûõ íè÷åãî íåò.} ({×òîáû ÷èòàòåëþ ñòàëî ïîíÿòíåå, êàê òðóäíî âûèãðàòü â
ýòîì âàðèàíòå ó Òèâÿêîâà, ïðèâåäó ïàðó ïðèìåðîâ -} 14. Ne4 $5 Nd5 ({
Äà âûèãðàòü, ó Ñåðãåÿ òóò òðóäíî, íî ìîæíî - åñëè îí ñûãðàåò} 14... Bd5 15. a4
f5 16. Nd2 Nd7 17. Bxd5+ cxd5 18. Qb3 Nf6 19. Nf3 Bd6 20. Bg5 Bc7 21. Rbc1 e4
22. Nd4 Qd7 23. Nxf5 Qxf5 24. Bxf6 Bb6 25. Be7 Bxf2+ 26. Kg2 exd3 27. Qxd3 Qxd3
28. exd3 Rf7 29. Rc7 {Serper,G-Tiviakov,S/Kherson 1991/1-0}) 15. Bd2 b6 16. Qa4
Qd7 17. Rfc1 Rfc8 18. Nc3 b5 19. Qa6 Rab8 20. Nxd5 cxd5 21. Be3 d4 22. Bd2
Rxc1+ 23. Rxc1 Rb6 24. Qa5 Bd8 25. a4 bxa4 26. Ra1 Bb3 27. Qc5 Be7 28. Qa5 Rb5
{Schwartzman,G-Tiviakov,S/Wijk aan Zee 1995/0-1}) 14... Rf7 15. Bc5 Nd5 16. Ne4
b6 17. Bxe7 Nxe7 18. Rfd1 Rc8 19. e3 {
Áåëûå êîíîïàòÿò âñå ùåëè, ÷òîáû, íå äàé Áîã, íå ïîëó÷èòü õóæå.} Nf5 20. Rbc1
Rd7 21. Qe2 Ne7 22. Nc3 {Ìîæíî áûëî è åù¸ ïîèãðàòü, íî óæ áîëüíî ðåçêèå
äåéñòâèÿ ïðèøëîñü áû ïðåäïðèíèìàòü ëþáîé èç ñòîðîí, ÷òîáû âñåðü¸ç
ïîáåñïîêîèòü ïðîòèâíèêà.} 1/2-1/2

[Event "Corus Wijk aan Zee"]
[Site " Wijk aan Zee"]
[Date "2007.01.19"]
[Round "6"]
[White "GM Karjakin, Sergey (UKR)"]
[Black "GM Shirov, , Alexei (ESP)"]
[Result "1-0"]
[WhiteElo "2678"]
[BlackElo "2715"]
[Annotator "Ðîìàí Âèëÿâèí "]
[PlyCount "81"]
[EventDate "2007.01.??"]
[EventType "tourn"]
[EventCountry "NED"]
[EventCategory "19"]
[Source "CrestBook.com"]

1. e4 c5 2. Nf3 Nc6 3. d4 cxd4 4. Nxd4 Nf6 5. Nc3 e5 {
«×åëÿáèí»... Ìíîãî, ìíîãî òåîðèè...} 6. Ndb5 d6 7. Bg5 a6 8. Na3 b5 9. Nd5
Be7 10. Bxf6 Bxf6 11. c3 Bg5 12. Nc2 Ne7 {
Òàêîé ïîðÿäîê õîäîâ ðåãóëÿðíî èñïîëüçóåò ìã Øàðèÿçäàíîâ.} ({Îñíîâíîé ìàññèâ
âàðèàíòîâ, êîòîðûå ÍÀÄÎ çíàòü, ðàñïîëàãàåòñÿ íà âåòêå, íà÷èíàþùåéñÿ ïîñëå} 
12... O-O) 13. h4 $5 {Ïàòåíò Ñåðãåÿ Êàðÿêèíà.} ({Íà íåäàâíî ïðîõîäèâøåì
÷åìïèîíàòå Óêðàèíû áûëà ñûãðàíà ïàðòèÿ, õîðîøî äåìîíñòðèðóþùàÿ ÷åãî õîòÿò
÷¸ðíûå â ïîäîáíûõ ïîçèöèÿõ:} 13. a4 bxa4 14. Ncb4 O-O 15. Qxa4 a5 16. Nxe7+
Qxe7 17. Nd5 Qd8 18. Bb5 Be6 19. c4 Bxd5 20. exd5 e4 $1 21. O-O e3 22. fxe3
Bxe3+ 23. Kh1 f5 24. Bd7 f4 25. Be6+ Kh8 26. Qd7 Qb6 {è ÷åðíûå çàõâàòèëè
èíèöèàòèâó: Kravtsiv,M (2446)-Kryvoruchko,Y (2581)/Poltava UKR 2006.}) 13...
Bh6 ({Îøèáî÷íî} 13... Bxh4 $2 14. Rxh4 Nxd5 15. Qxd5 Be6 16. Qb7 $1 {
,ïîñëå ÷åãî îòûãðàòü ìàòåðèàë íå óäà,òñÿ:} Rb8 17. Qc6+ $1 Bd7 18. Qxd6) 14.
a4 bxa4 15. Ncb4 (15. Rxa4 $6 Nxd5 $1 16. exd5 (16. Qxd5 Be6 $32) 16... O-O {
, è ó ÷¸ðíûõ ÷óòü ëó÷øå (1/2-1/2 Rjabzev,K (2316)-Starikov,P (2219)/
Toliatti 2000)}) 15... O-O ({Íà îòëè÷íóþ çàãîòîâêó Ñåðãåÿ â ýòîì âàðèàíòå
ïîïàëñÿ íûíåøíèé ëèäåð òóðíèðà Òåéìóð Ðàäæàáîâ ïîñëå} 15... Bd7 $6 {#} 16. Rxa4
$1 Nxd5 17. Nxd5 Bxa4 18. Qxa4+ Kf8 19. b4 $1 {ñ ìîùíîé êîìïåíñàöèåé: Karjakin,
S (2635)-Radjabov,T (2673)/Warsaw 2005/1-0 (41).}) 16. Qxa4 Nxd5 17. Nxd5 a5
18. Bb5 {Èòàê, ïåðåä íàìè ïî÷òè òà æå ïîçèöèÿ, ÷òî è â ïðèâåä,ííîé âûøå
ïàðòèè Êðàâöèâ - Êðèâîðó÷êî, òîëüêî ñ âêëþ÷åíèåì õîäà h4. Â ÷üþ ïîëüçó
äàííîå ïðîäâèæåíèå? Ñ îäíîé ñòîðîíû - ïîêà íåâîçìîæíà êîðîòêàÿ ðîêèðîâêà, ñ
äðóãîé - áåëûå â âàðèàíòàõ áóäóò èìåòü ïîëå å7 äëÿ êîíÿ, âîçìîæíîñòü
ïîäêëþ÷åíèÿ ëàäüè ïî 3-é ãîðèçîíòàëè, à òàêæå âïîëíå âåðîÿòíî îñëîæíåíèå
æèçíè ñëîíó íà h6 ïóòåì g2-g4.} Kh8 $2 {Øèðîâ îñóùåñòâëÿåò ñòàíäàðòíóþ èäåþ
âàðèàíòà - ïðîäâèæåíèå f7-f5, îäíàêî äîïóñêàåò íåìåäëåííîå b2-b4. Ìíå êàæåòñÿ,
÷òî ïîñëå ýòîãî åñòåñòâåííîãî õîäà ó ÷åðíûõ ñåðü¸çíûå íåïðèÿòíîñòè!} ({
Ìèíóñû ïëàíà áåëûõ îòëè÷íî èëëþñòðèðóåò ñëåäóþùàÿ ïàðòèÿ} 18... Be6 $1 19.
Bc6 Rb8 20. b3 (20. b4 $5) 20... Kh8 21. g3 $6 Bg4 22. O-O Bf3 23. Rfe1 Qc8 24.
Bd7 Qb7 25. b4 $6 (25. Bc6 $5) 25... axb4 26. cxb4 f5 27. Qc6 Bd2 $1 {
è ÷åðíûå äîáèëèñü ïåðåâåñà: Volokitin,A (2645)-Timofeev,A (2662)/Lugo ESP
2006//0-1 (49)}) 19. b4 $1 {
Òåïåðü, ââèäó íåçàùèù¸ííîñòè ëàäüè, âçÿòèå íà b4 íåâîçìîæíî.} f5 20. Bc6 Ra7
21. exf5 Bxf5 22. bxa5 {Ôîðñèðîâàííûé âàðèàíò îêîí÷åí, ìîæíî ïîäâåñòè
ïðîìåæóòî÷íûå èòîãè áèòâû. Ïðîõîäíàÿ «à» ÷ðåçâû÷àéíî îïàñíà è óæå î÷åíü
äàëåêî ïðîäâèíóòà. Êðîìå òîãî, ïîëå ïðåâðàùåíèÿ ïîä êîíòðîëåì áåëûõ. À âçàìåí
ó ÷¸ðíûõ ïîêà íåò ÍÈ×ÅÃÎ.} Bd3 {Âûãëÿäèò õîðîøî - áåëûå ïîêà íå ìîãóò íè
ðîêèðîâàòü, íè äâèãàòü ïåøêó. Æàëü òîëüêî, ÷òî òàêîãî ïðåêðàñíîãî ñëîíà ìîæíî
ïðîñòî ðàçìåíÿòü} 23. Bb5 $1 Bxb5 ({Íåâàæíàÿ ïîçèöèÿ ïîëó÷àëàñü è ïîñëå} 23...
e4 24. Bxd3 exd3 25. O-O {- ñëèøêîì óæ âåëèêî ïðåâîñõîäñòâî êîíÿ íàä ñëîíîì,
äà è ñ ïðîõîäíîé «à» ÷¸ðíûì áîðîòüñÿ êóäà ñëîæíåå, íåæåëè áåëûì ñ ïåøêîé
«d».}) 24. Qxb5 Raf7 25. O-O $6 {Êàæåòñÿ íåòî÷íîñòü.} ({
Âîçìîæíî, ëó÷øå áûëî «ïîæàäíè÷àòü» ïóò¸ì.} 25. Ra2 $5 {
ß ÷åñòíî ïûòàëñÿ íàëàäèòü êîíòðèãðó ÷¸ðíûõ, íî âñ¸ òùåòíî:} g5 ({è ëîìîâîå} 
25... e4 {íå ïîìîãëî:} 26. a6 e3 27. f3 $1) 26. a6 gxh4 27. a7 Qg5 28. O-O h3
29. g3 {Ïåøêà «à» - ñòðàøíàÿ ñèëà! Ñåðäöå êàæäîãî, êòî èãðàë õîòü ðàç B33 ÷,
ðíûìè, ñëåçàìè îáëèâàåòñÿ, ïðè âèäå ñëîíà h6... Íó î÷åíü ñëîæíî ñ òàêîé
ôèãóðîé «ïîäêðóòèòü» (ïî-÷åëÿáèíñêè!) ïîçèöèþ!}) 25... Qxh4 26. Qe2 {
È ýòî, êàæåòñÿ, íåòî÷íîñòü!} ({
Íè÷åãî íå âûõîäèò èç çàòåèîãðàíè÷èòü ñëîíà ïóò¸ì} 26. g3 $2 {ââèäó} Qh3 27.
a6 Rxf2 $1 {ñ âå÷íûì øàõîì.}) ({Íî ïîõîæå, ÷òî ñèëüíåå âñåãî -} 26. Qb4 $5 {
, «ëþáåçíî» ïðèãëàøàÿ ÷¸ðíûõ â ýíäøïèëü. ÏÏîñìîòðèì, ÷òî çäåñü ìîãëî
ïîëó÷èòüñÿ:  À)} e4 27. Qxd6 (27. g3 Qg4 $1 {è ïëîõî} 28. Qxd6 $2 {èç-çà} Qf3
$1 29. Qb6 Rf5 30. Ne3 Rh5 31. Ng2 Qf5 $1 32. Qd6 Kg8 $1 33. Qd1 Qh3 34. Nh4
Rxh4 $1 $19) 27... g6 {, çàùèùàÿ íåïóò,âóþ ëàäüþ f8.} 28. Qg3 Qh5 29. Qh3 {
â ýíäøïèëå çà ñ÷,ò ñëàáîñòè êîðîëÿ è ëèøíåé ïåøêè ó áåëûõ áîëüøîé ïåðåâåñ.}) (
{Á) (ïîñëå} 26. Qb4 $5 {)} Bf4 27. Nxf4 Rxf4 ({
(çàáèòü áåëîìó êîðîëþ êîë â ñåðäöå... òî åñòü â ïîëå f3 òàêæå íå âûõîäèò:} 
27... exf4 28. Rfd1 Rf5 29. Qxd6 Rg8 30. Rd3 {- âñ¸ ïðèêðûëè, ïåøêó ñîõðàíèëè})
28. Qxd6 R4f6 29. Qb4 $1 {, è âñþ êàðòèíó ÷¸ðíûì ïîðòèò ëàäüÿ f8.}) 26... Bf4
{Ïî âñåì ïðèçíàêàì äåëî, «ñòðåìèòåëüíûì äîìêðàòîì», äâèæåòñÿ ê ðàçâÿçêå...} (
{Íàïðèìåð, íå óäà,òñÿ ðàçâåðíóòü ïëå÷è} 26... Rf5 {
ñ ïðîñòåöêîé èäååé äàòü ìàò (ïîñëå Rf5-h5) íà ïîëå h1 èç-çà} 27. g3 $1 Qh3 28.
Qe4 $1 Rh5 29. Qg2 {, è ÷åðíûå âûíóæäåíû â ïàíèêå îòñòóïàòü.}) {Îäíàêî...} 27.
g3 Bxg3 $2 {Ïîñëåäíÿÿ îøèìáêà!} ({
Ïîõîæå, ÷òî ôèãóðó íàäî áûëî æåðòâîâàòü ïî äðóãîìó:} 27... Qh3 $1 {
È òåïåðü â ñëó÷àå} 28. a6 {, æåðòâà «ïðîêàòèò» ñ ãîðàçäî áîëüøèì ýôôåêòîì:}
Bxg3 29. fxg3 Qxg3+ 30. Qg2 Rxf1+ 31. Rxf1 Rxf1+ 32. Kxf1 Qd3+ $1 {Î, êàêîå îáë
åã÷åíèå! Ñòðàõ è óæàñ êàæäîãî «÷åëÿáèíöà» - ïðîõîäíàÿ ñîïåðíèêà ïî ëèíèè
«à» èñ÷åçàåò ñ äîñêè. È ïîñëå} 33. Ke1 Qxa6 34. Qf3 Qa8 {
øàíñû ÷¸ðíûõ íà íè÷üþ âåëèêè êàê íèêîãäà}) ({À åñëè (ïîñëå} 27... Qh3 {
)  "ñòóêíóòü"?} 28. gxf4 {Ãì-ì... Ñìîòðèì.} {
Íî, ê ñ÷àñòüþ, íàõîäèòñÿ íåîðäèíàðíîå} Rf6 $3 {Ýôôåêòíî, ÷,ðò âîçüìè!} ({
íå ãîäèòñÿ} 28... Rf5 {-} 29. Qe3) ({âèäèìî, ïîñëàáåå áóäåò} 28... exf4 $5 29.
f3 Rf5 30. Qh2 Rg5+ 31. Kh1) 29. Nxf6 {(ïîíÿòíî, åäèíñòâåííîå)} gxf6 $3 {
È ýòî çàïîìèíàåòñÿ, íå òàê ëè?} 30. f3 Rg8+ 31. Kf2 Rg2+ 32. Ke1 Rxe2+ 33. Kxe2
Qf5 $1 {, è øàíñû ÷¸ðíûõ äîòÿíóòü äî «âå÷íîñòè» ñ ïîìîùü ðàçíîîáðàçíåéøèõ
øàõîâ, êàê ìíå êàæåòñÿ, âåñüìà âåëèêè! ß äóìàþ, ÷òî Àëåêñåé Øèðîâ â
íîðìàëüíîé ôîðìå òàêîå áû çàìåòèë. :(}) 28. fxg3 Qxg3+ 29. Qg2 {
Òóò çà ôèãóðó, êîíå÷íî, íè÷åãî íåò.} Rxf1+ 30. Rxf1 Rxf1+ 31. Kxf1 Qd3+ 32.
Kg1 e4 ({Èëëþçèÿ âå÷íîãî øàõà ðàñòâîðÿëàñü â âàðèàíòå} 32... Qd1+ 33. Qf1
Qg4+ 34. Kf2 Qf5+ 35. Ke2 Qc2+ 36. Ke3) 33. Qf2 Qd1+ 34. Qf1 Qg4+ 35. Kf2 h5
36. Ke1 Qg5 37. Qc4 h4 38. a6 Qg3+ 39. Kd2 h3 40. a7 Qf2+ 41. Kc1 ({
È ââèäó (ïîñëå} 41. Kc1 {)} Qxa7 42. Qc8+ Kh7 43. Qxh3+ {÷¸ðíûå ñäàëèñü}) 1-0